| 000 | 00849nam a2200229Ii 4500 | ||
|---|---|---|---|
| 003 | JO-AjNU | ||
| 008 | 230605s9999||||xx |||||||||||||| ||und|| | ||
| 017 | _a1991/196 | ||
| 040 |
_aJO-AjNU _bara _erda _cJO-AjNU |
||
| 041 | _aara | ||
| 050 | 1 | 4 | _aPN3335.B6812 1991 |
| 100 | 3 |
_aبورنوف، رولان ؛ ريال اوئيليه ؛ ترجمة نهاد التكرلي ؛ مراجعة فؤاد التكرلي ؛ محسن موسى, _eauthor _915276 |
|
| 245 | 0 | 0 | _aعالم الرواية |
| 250 | _aط1 | ||
| 264 | 3 | 1 | _aبغداد: دار الشؤون الثقافية العامة، 1991 |
| 300 | _a217ص | ||
| 336 |
_atext _btxt _2rdacontent |
||
| 337 |
_aunmediated _bn _2rdamedia |
||
| 338 |
_avolume _bnc _2rdacarrier |
||
| 490 | 0 | _aسلسلة المائة كتاب الثانية | |
| 650 | 4 |
_aالأدب العربي - روايات _915277 |
|
| 999 |
_aA4275 _c7843 _d7843 |
||